| 000 | 00349nam a2200133Ia 4500 | ||
|---|---|---|---|
| 008 | 240624s9999 xx 000 0 und d | ||
| 041 | _aeng | ||
| 082 | _a338.7621 DYE | ||
| 100 | _aDYER DAVIS | ||
| 245 | _aTRW PIONEERING TECHNOLOGY AND INNOVATION | ||
| 260 |
_c1998 _aBoston _bHarvard Business Review Press |
||
| 300 | _a503 : p. | ||
| 365 |
_cRS _b25 |
||
| 999 |
_c24258 _d24258 |
||